L' abbaye royale de Saint Denis: reserches nouvelles.
Saved in:
| Hovedforfatter: | |
|---|---|
| Format: | Bog |
| Sprog: | fransk |
| Udgivet: |
París, Francia
Press Universitaires de France
1960
|
| Fag: | |
| Tags: |
Tilføj Tag
Ingen Tags, Vær først til at tagge denne postø!
|
MARC
| LEADER | 00000nam a2200000 a 4500 | ||
|---|---|---|---|
| 001 | UCT0915 | ||
| 003 | CL-VaPUC | ||
| 005 | 20240619100126.0 | ||
| 008 | 960913e19600000FR |||||||||||||||||fre|d | ||
| 999 | |c 251601 |d 251599 | ||
| 040 | |c Pontificia Universidad Católica de Valparaíso | ||
| 082 | 0 | 4 | |a 726.7 FOR 1960 |2 21 |
| 100 | 0 | |a Formigé, Jules |9 369513 | |
| 245 | 1 | 3 | |a L' abbaye royale de Saint Denis: reserches nouvelles. |
| 260 | 0 | 3 | |a París, Francia |b Press Universitaires de France |c 1960 |
| 300 | |a 193 páginas | ||
| 583 | |a last modification |c 20150625 10:53:24 |k Rodrigo Vera | ||
| 650 | 0 | |a Abadías |9 369484 | |
| 650 | 7 | |a CATEDRALES |2 CL-VaPUC |9 267660 | |
| 650 | 0 | |a Edificios religiosos |9 335394 | |
| 650 | 0 | |a Diseño arquitectónico |9 265271 | |
| 650 | 0 | |a Monumentos |9 265246 | |
| 650 | 0 | |a Obras de arte |9 337253 | |
| 650 | 0 | |a Tumbas |9 314056 | |
| 650 | 0 | |a Arquitectura |9 804558 | |
| 942 | |c BK |2 ddc | ||
| 945 | |d 19960913 00:00:00 |a nastorga | ||
| 952 | |0 0 |1 0 |2 ddc |4 0 |6 726_700000000000000_FOR_1960 |7 0 |8 P |9 270884 |a BIBARQ |b BIBARQ |d 2019-11-19 |i 3230740 |o 726.7 FOR 1960 |p 3230740 |r 2025-01-20 |t 1 |w 2019-11-19 |y BK |k ARQ | ||